000 00443nam a2200145Ia 4500
008 100122s9999 xx 000 0 und d
082 _b61508
_a823.08
100 _aBLYTON ENID
245 _aTHE SECRET SEVEN (PUZZLE FOR THE SECRET SEVEN)
260 _bHODDER CHILDREN`S BOOK
_c1996
300 _a138
630 _aTHE SECRET SEVEN (PUZZLE FOR THE SECRET SEVEN)
730 _aTHE SECRET SEVEN (PUZZLE FOR THE SECRET SEVEN)
942 _cBOOK
999 _c378335
_d378332